| 000 | 01889cam a22005174i 4500 | ||
|---|---|---|---|
| 003 | PE-LiUPU | ||
| 005 | 20250731165559.0 | ||
| 008 | 150625s2004 mx r 000 0 spa d | ||
| 020 | _a9681673581 | ||
| 020 | _a9789681673581 | ||
| 035 | _a(Sirsi) i9789681673581 | ||
| 040 |
_aPE-LiUPU _bspa _cPE-LiUPU _erda |
||
| 049 | _aPRUA | ||
| 082 | 0 | 4 |
_a070.4017 _bD26 _221 |
| 100 | 1 |
_aDarío Restrepo, Javier, _eautor. |
|
| 245 | 1 | 3 |
_aEl zumbido y el moscardón / _cJavier Darío Restrepo. |
| 264 | 1 |
_aMéxico : _bCultura Económica, _c2004. |
|
| 300 |
_a333 páginas ; _c21 centímetros. |
||
| 336 |
_atext _2rdacontent |
||
| 337 |
_aunmediated _2rdamedia |
||
| 338 |
_avolume _2rdacarrier |
||
| 490 | 0 | _aColección nuevo periodismo. Libros del taller | |
| 505 | 0 | _aTaller de Etica Periodística -- Construyendo el concepto de ética -- El compromiso con la verdad -- Responsabilidad social -- Independencia -- Libertad de prensa -- Del dinero y de favores. | |
| 526 | _aSEG44 | ||
| 526 | _aSEG26 | ||
| 526 | _aP151 | ||
| 526 | _aP150 | ||
| 526 | _aP149 | ||
| 526 | _aP146 | ||
| 526 | _aP145 | ||
| 526 | _aP126 | ||
| 526 | _aP125 | ||
| 526 | _aP92 | ||
| 526 | _aP75 | ||
| 526 | _aP74 | ||
| 526 | _aP27 | ||
| 526 | _aP15 | ||
| 541 | _g005-0002204; | ||
| 650 | 0 | 4 |
_aPeriodismo _xEtica. |
| 910 |
_bksl _cksl _d20190521 |
||
| 942 |
_2ddc _cBOOK |
||
| 949 |
_a070.4017 D26 _wDEWEY _c1 _i56383 _d2016-10-27 _e2016-10-17 _lCCODEBUL1 _mBUL _n4 _p12.00 _r0 _sY _tBOOK _u2015-6-25 _xEDUCACION _PP07 _0COMPRA _o.STAFF. Colección Ciencias Humanas y Educación |
||
| 994 |
_aC0 _bPEPRU |
||
| 596 | _a1 | ||
| 999 |
_a070.4017 D26 _wDEWEY _c45634 _i56383 _d45634 _e2016-10-17 _f2021-11-8 _g6 _lCCODEBUL1 _mBUL _n4 _p12.00 _r0 _sY _tBOOK _u2015-6-25 _xEDUCACION _PP07 _0COMPRA _o.STAFF. Colección Ciencias Humanas y Educación |
||
| 980 |
_81 _gALBERTO SANCHEZ Responsable de Automatización |
||